|
|
|
|
| LEADER |
00000cam a2200000 a 4500 |
| 001 |
vtls001287599 |
| 003 |
SK-MaSNL |
| 005 |
20260301004451.0 |
| 008 |
240422s1963 rb b fr 00000 hrv |
| 015 |
|
|
|a SNBZSA1963
|
| 020 |
|
|
|q (brožované)
|
| 035 |
|
|
|a SNK000239180
|
| 040 |
|
|
|a SNK
|b slo
|c SNK
|e AACR2
|
| 041 |
0 |
|
|a hrv
|
| 044 |
|
|
|a rb
|c RS
|
| 072 |
|
7 |
|a 316.3
|x Globálne spoločnosti. Sociálna štruktúra. Sociálne skupiny
|2 konspekt
|
| 080 |
|
|
|a 392.3(497=81)(091)
|2 1981
|
| 080 |
|
|
|a 316.356.2
|2 2011
|
| 080 |
|
|
|a 316.356.4
|2 2011
|
| 080 |
|
|
|a (=16)
|2 2011
|
| 080 |
|
|
|a 94(497.11)
|2 2011
|
| 080 |
|
|
|a (048.8)
|2 2011
|
| 080 |
|
|
|a (082)
|2 2011
|
| 100 |
1 |
|
|a Kulišić, Špiro,
|d 1908-1989
|4 aut
|9 287330
|
| 245 |
1 |
0 |
|a Tragovi arhaične organizacije i pitanje balkansko-slovenske simbioze u razvoju našeg dinarskog rodovskog društva
|c Špiro Kulišić
|
| 260 |
|
|
|a Beograd
|b Etnološko družstvo Jugoslavije
|c 1963
|
| 300 |
|
|
|a 104 strán, [1] zložená mapová príloha
|b mapy
|c 21 cm
|
| 490 |
1 |
|
|a Biblioteka Etnološkog družstva Jugoslavije
|v 5
|
| 650 |
0 |
7 |
|a etnické skupiny
|2 SNKPH
|9 1669
|
| 650 |
0 |
7 |
|a Slovania
|2 SNKPH
|9 18587
|
| 650 |
0 |
7 |
|a príbuzenstvo
|2 SNKPH
|9 4139
|
| 651 |
|
7 |
|a Bosna a Hercegovina
|x dejiny
|2 SNKPHgeo
|9 56345
|
| 655 |
|
7 |
|a štúdie
|2 SNKPH
|9 57033
|
| 655 |
|
7 |
|a zborníky
|2 SNKPH
|9 70165
|
| 830 |
|
0 |
|a Biblioteka Etnološkog družstva Jugoslavije
|9 287331
|
| 958 |
|
|
|a RK
|
| 958 |
|
|
|a TL
|
| 958 |
|
|
|a OND
|
| 958 |
|
|
|a SS
|
| 958 |
|
|
|a ZS
|
| 958 |
|
|
|a ZB
|
| 958 |
|
|
|a SP
|
| 999 |
|
|
|c 542221
|d 544151
|
| 952 |
|
|
|t P60, <04>, [BOOK], {604}
|a SNK
|b SNK
|y VYP
|7 0
|p 17A0069971
|o snkIC 126557
|i snkK 431/97
|0 0
|1 0
|4 0
|d 1997-05-20
|l 0
|r 2005-01-02 00:00:00
|w 2026-02-23
|